000 00474nam a2200181Ia 4500
005 20250423101040.0
008 250422s9999 xx 000 0 und d
020 _a0-19-442171-6
050 _aPE 1128 .A2 D38/
100 _aDavies, Paul
245 0 _aSuccess in English Teaching
260 _aNew York
260 _bOxford University Press
260 _c2000
300 _a221 p
650 _aEnglish language -- Study and teaching -- Foreign speaker
942 _cBK
999 _c35126
_d35126